[Event "Sampa Chess Open 2024"]
[Site "Sao Paulo"]
[Date "2024.02.02"]
[Round "6.1"]
[White "Shumyatsky, Victor"]
[Black "Fier, Alexandr"]
[Result "1-0"]
[WhiteElo "2457"]
[BlackElo "2549"]
[PlyCount "115"]
[EventDate "2024.01.29"]
[EventRounds "9"]
[EventCountry "BRA"]

1. e4 c6 2. Nc3 d5 3. Nf3 dxe4 4. Nxe4 Nf6 5. Qe2 Nxe4 6. Qxe4 Nd7 7. Bc4 Nf6
8. Ne5 e6 9. Qe2 b5 10. Bd3 ({RR} 10. Bb3 Qc7 11. d4 Bd6 12. O-O O-O 13. Bf4
Bb7 14. Rad1 Rad8 15. Bg3 Ba8 16. c3 Qb7 17. f4 c5 18. f5 exf5 19. Rxf5 c4 20.
Bc2 Ne4 21. Bh4 f6 22. Rf4 Nxc3 23. bxc3 fxe5 24. Be4 Qd7 {Ragger,M (2684)
-Nisipeanu,L (2656) Austria AUT 2020 1/2-1/2 (34)}) 10... Qc7 11. a4 b4 12. b3
Nd5 $146 ({RR} 12... Bb7 13. Bb2 Be7 14. O-O-O Nd5 15. g3 Bf6 16. f4 O-O-O 17.
Rhf1 g6 18. Kb1 h5 19. h3 Kb8 20. a5 Rhe8 21. a6 Ba8 22. Be4 Kc8 23. Rde1 Re7
24. Bxd5 exd5 25. g4 hxg4 26. Qxg4+ Kb8 27. Nd7+ {Georgakopoulos,N (2159)
-Paszewski,M (2300) Krakow POL 2022 1-0 (33)}) 13. g3 Bd6 14. Nc4 Be7 15. Bb2
Bf6 16. Be5 Bxe5 17. Nxe5 Bb7 18. f4 O-O-O 19. Ba6 f6 20. Bxb7+ Kxb7 21. Nc4
Rhe8 22. a5 a6 23. Qf2 e5 24. fxe5 Rxe5+ 25. Kf1 Rg5 26. Re1 g6 27. Ke2 Rf5 28.
Qg1 Rg5 29. Kd1 f5 30. Kc1 f4 31. Qf2 Rf5 32. g4 Rff8 33. Re5 f3 34. Rhe1 Rf4
35. R1e4 Rxe4 36. Rxe4 Rf8 37. Kb1 c5 38. Re6 Ka7 39. Rd6 Ne7 40. Rd3 Rf4 41.
Nb6 Rd4 42. Qxf3 Nc6 43. Rxd4 cxd4 44. Nc4 Kb7 45. h4 Qe7 46. h5 gxh5 47. gxh5
Kc7 48. Qf5 Kb7 49. h6 Kc7 50. Qd5 Qf6 51. Qc5 d3 52. cxd3 Qxh6 53. Qb6+ Kc8
54. Qxa6+ Kd8 55. Qb6+ Ke7 56. a6 Qh1+ 57. Kb2 h5 58. Qb7+ 1-0

[Event "Sampa Chess Open 2024"]
[Site "Sao Paulo"]
[Date "2024.02.02"]
[Round "6.2"]
[White "Flores Quillas, Diego Saul Rodri"]
[Black "Cunha, Lucas Aguiar"]
[Result "1-0"]
[WhiteElo "2429"]
[BlackElo "2230"]
[PlyCount "97"]
[EventDate "2024.01.29"]
[EventRounds "9"]
[EventCountry "BRA"]

1. e4 c5 2. Nf3 Nc6 3. d4 cxd4 4. Nxd4 e6 5. Nc3 Qc7 6. g3 a6 7. Bg2 Nf6 8. O-O
Nxd4 9. Qxd4 Bc5 10. Bf4 d6 11. Qd2 h6 12. Rad1 e5 13. Be3 Be6 14. Bxc5 dxc5
15. Nd5 Bxd5 16. exd5 Qd6 17. f4 O-O 18. fxe5 Qxe5 19. d6 Qxb2 20. c4 Qxd2 21.
Rxd2 Rab8 22. a4 Nd7 23. Rb1 b6 24. Re1 Rfd8 25. Re7 Nf8 26. Bd5 Ne6 27. Rf2
Ng5 28. Kg2 Rxd6 29. h4 Nh7 $146 ({RR} 29... Kf8 30. Ra7 Nh7 31. Rfxf7+ Ke8 32.
Rxg7 Nf6 33. g4 {1-0 (33) Bozzali,E (2095)-Lapiccirella,D (2105) Corsico 2003})
30. Rfxf7 Kh8 31. Rxg7 Nf6 32. Bf3 Re8 33. Ra7 Rd2+ 34. Kh3 Rd3 35. Bc6 Re6 36.
Bg2 Nh5 37. Rg4 Rd8 38. Bd5 Red6 39. Bf7 Nf6 40. Rg6 Ne4 41. Be6 Rxe6 42. Rxe6
Nd6 43. Rxh6+ Kg8 44. Rg6+ Kh8 45. Rg4 a5 46. Re7 Nf5 47. Re5 Nh6 48. Rg6 Kh7
49. Rxb6 1-0

[Event "Sampa Chess Open 2024"]
[Site "Sao Paulo"]
[Date "2024.02.02"]
[Round "6.3"]
[White "Perdomo, Leandro"]
[Black "Fernandes De Sousa, Julio Cesar"]
[Result "1-0"]
[WhiteElo "2382"]
[BlackElo "2162"]
[PlyCount "105"]
[EventDate "2024.01.29"]
[EventRounds "9"]
[EventCountry "BRA"]

1. d4 f5 2. Bg5 g6 3. e3 Bg7 4. Nc3 c5 $146 ({RR} 4... d6 5. Nf3 c6 6. Bc4 Na6
7. Ne2 Bd7 8. c3 b5 9. Bd3 Nf6 10. Qc2 Nc7 11. Ng3 h6 12. Bxf6 Bxf6 13. e4 e6
14. h4 d5 15. exf5 gxf5 16. O-O-O Kf8 17. Nh5 Be7 18. Ne5 Be8 19. Nf4 {
Brulhart,K (2025)-Bonnafous,M (2000) Cannes 1990 1-0}) ({RR} 4... Nf6 5. h4 d5
6. h5 Be6 7. h6 Bf8 8. Nf3 Nbd7 9. Bf4 c6 10. Bd3 Bf7 11. Ne5 e6 12. Qf3 Nxe5
13. Bxe5 Bd6 14. Qg3 Bxe5 15. Qxe5 Rg8 16. O-O-O Qe7 17. f3 O-O-O 18. g4 Nd7
19. Qg3 {Lysyj,I (2643)-Potapov,P (2497) Minsk 2017 1/2-1/2 (38)}) ({RR} 4...
h6 5. Bh4 Nf6 6. Bd3 d6 7. Bxf6 Bxf6 8. g4 e6 9. Qf3 Nc6 10. gxf5 exf5 11. Nge2
Be6 12. Nf4 Bf7 13. Bb5 O-O 14. Bxc6 bxc6 15. Qxc6 Rb8 16. O-O-O Rb6 17. Qg2
Kh7 18. Nfd5 Rb8 19. Nxf6+ {Thuesen,M (2196)-Lysenko,V (1845) Hradec Kralove
CZE 2021 1-0 (63)}) ({RR} 4... c6 5. Qd2 h6 6. Bf4 d6 7. O-O-O Nf6 8. h3 b5 9.
f3 b4 10. Nb1 a5 11. g4 Be6 12. gxf5 gxf5 13. Bd3 Nd5 14. Ne2 Nd7 15. Ng3 Nxf4
16. exf4 Bxa2 17. Nxf5 Bf6 18. Qe2 Nb6 19. Nd2 {Tisdall,J (2510)-Bellin,R 
(2385) Gausdal 1996 1-0}) 5. Nf3 Qa5 6. Nd2 Qc7 7. Nb5 Qd8 8. Nd6+ Kf8 9. Bc4
b5 10. Bd5 Nc6 11. Nf7 Qc7 12. Nxh8 Bxh8 13. c3 e6 14. Bf4 d6 15. Bxc6 Qxc6 16.
Qf3 d5 17. O-O Bg7 18. Qg3 Kf7 19. Nf3 h6 20. Ne5+ Bxe5 21. Bxe5 Ba6 22. dxc5
Qxc5 23. Bd4 Qe7 24. Qe5 Nf6 25. Qxf6+ Qxf6 26. Bxf6 Kxf6 27. Rfd1 Bb7 28. a4
Bc6 29. axb5 Bxb5 30. Rd4 a6 31. f3 Rb8 32. Kf2 Bc4 33. Rd2 Ke5 34. Ra4 Rc8 35.
Rb4 Bb5 36. Rh4 Rh8 37. b3 g5 38. f4+ Kf6 39. fxg5+ Kxg5 40. Rhd4 Rc8 41. Rc2
Rb8 42. c4 Bc6 43. cxd5 Bxd5 44. b4 Kf6 45. g4 Rg8 46. Rc5 Bb7 47. gxf5 e5 48.
Rd6+ Kxf5 49. Rxh6 Rg2+ 50. Kf1 Rb2 51. Rh5+ Kg4 52. Rcxe5 Be4 53. Reg5+ 1-0

[Event "Sampa Chess Open 2024"]
[Site "Sao Paulo"]
[Date "2024.02.02"]
[Round "6.4"]
[White "Marra, Eduardo Da Costa"]
[Black "Ticona Rocabado, Licael Roderick"]
[Result "0-1"]
[WhiteElo "2189"]
[BlackElo "2350"]
[PlyCount "60"]
[EventDate "2024.01.29"]
[EventRounds "9"]
[EventCountry "BRA"]

1. e4 e6 2. d4 d5 3. e5 c5 4. c3 Qb6 5. Nf3 Nc6 6. a3 Nh6 7. Bd3 cxd4 8. O-O
Bd7 9. b4 dxc3 ({RR} 9... Rc8 10. Bb2 dxc3 11. Nxc3 Be7 12. Nb5 O-O 13. Nbd4 a5
14. b5 Nxd4 15. Bxd4 Bc5 16. a4 Bxd4 17. Nxd4 f6 18. Nf3 f5 19. Rc1 Rxc1 20.
Qxc1 Rc8 21. Qf4 Qc5 22. h3 Qc3 23. Rd1 Nf7 24. g4 {Asadli,V (2579)-Anand,V 
(2751) Baku AZE 2021 1-0 (53)}) 10. Nxc3 Nd4 $146 ({RR} 10... a5 11. Be3 d4 12.
Na4 Qa7 13. Bxh6 axb4 14. axb4 gxh6 15. b5 Nb4 16. Bc4 Rg8 17. Nxd4 Rc8 18. Nb3
Rxc4 19. Nb2 Qb8 20. Nxc4 Bxb5 21. Nb6 Na6 22. Rc1 Nc7 23. Nd4 Bc5 24. Nxb5
Bxb6 25. Qd6 {Esipenko,A (2720)-Roshka,Y (2479) chess.com INT 2021 1-0}) 11.
Be3 Nxf3+ 12. Qxf3 Qd8 13. Rfe1 a6 14. g3 Bc6 15. Bxh6 gxh6 16. Ne2 Bg7 17. Nd4
Ba4 18. h4 Qb6 19. Qg4 O-O 20. Re3 Kh8 21. Rae1 Rac8 22. h5 Rc3 23. Nf5 exf5
24. Qxf5 Rxd3 25. Qxd3 Qe6 26. f4 Bd7 27. Rc1 Qh3 28. Qxd5 Bc6 29. Rxc6 bxc6
30. Qxc6 Rc8 0-1

[Event "Sampa Chess Open 2024"]
[Site "Sao Paulo"]
[Date "2024.02.02"]
[Round "6.5"]
[White "Dos Santos Dutra, Fernando Junior Fre"]
[Black "De Menezes, Ricardo Fagner Dias"]
[Result "1-0"]
[WhiteElo "2262"]
[BlackElo "1675"]
[PlyCount "81"]
[EventDate "2024.01.29"]
[EventRounds "9"]
[EventCountry "BRA"]

1. d4 d5 2. c4 c6 3. Nf3 Nf6 4. Qc2 e6 5. Bg5 Be7 6. e3 Nbd7 7. Nc3 O-O 8. Be2
b6 ({RR} 8... Re8 9. cxd5 exd5 10. O-O Nf8 11. Rab1 a5 12. a3 Bg4 13. h3 Bh5
14. Ne5 Bxe2 15. Nxe2 a4 16. Nc3 {1/2-1/2 (16) Velikov,P (2475)-Spiridonov,N 
(2425) Bulgaria 1988}) 9. O-O Bb7 10. Rad1 $146 ({RR} 10. cxd5 cxd5 11. Rac1
Rc8 12. Qb3 Ng4 13. Bf4 f6 14. h3 e5 15. dxe5 fxe5 16. Nxd5 Bxd5 17. Qxd5+ Kh8
18. Nxe5 Ngxe5 19. Bxe5 Nxe5 20. Qxe5 Bc5 21. Rfd1 Qf6 22. Qxf6 Rxf6 23. b4
Rxf2 24. Rxc5 Rxc5 {Haelssig,G-Feierfeil,C Germany 1997 1-0}) ({RR} 10. Rfd1 c5
11. dxc5 bxc5 12. Rd2 Qc8 13. Rad1 Rd8 14. cxd5 exd5 15. a4 Qc7 16. Bb5 a6 17.
Bxd7 Qxd7 18. Bxf6 Bxf6 19. Ne4 Qe7 20. Nxf6+ gxf6 21. Qf5 Qe6 22. Qf4 a5 23.
Rc1 Rac8 24. h3 Rd6 {Vidal Zamora,A (2430)-Nadal Fajardo,R (2221) Barcelona
ESP 2019 1-0 (52)}) ({RR} 10. h3 Rc8 11. b3 Bb4 12. Bd3 h6 13. Bh4 Be7 14. e4
dxe4 15. Bxe4 Nxe4 16. Bxe7 Qxe7 17. Nxe4 c5 18. Rad1 cxd4 19. Rxd4 e5 20. Rd2
Rcd8 21. Rfd1 f5 22. Ng3 e4 23. Nd4 g6 24. Re1 Ne5 {Winterlik,J-Hennrich,R
Hassloch 1999 0-1 (39)}) ({RR} 10. Rfd1 Rc8 11. Rac1 c5 12. cxd5 Nxd5 13. Bxe7
Qxe7 14. Nxd5 Bxd5 15. e4 Bb7 16. d5 exd5 17. exd5 Qd6 18. Nh4 g6 19. Qd2 Nf6
20. Bf3 Rcd8 21. Rc3 Rfe8 22. g4 Ne4 23. Qh6 Nxc3 24. bxc3 Ba6 {Longa Yauca,J 
(2327)-Bertona,F (2432) La Roda 2006 0-1 (44)}) 10... Re8 11. Ne5 Qc7 12. cxd5
exd5 13. Nd3 Bd6 14. Bf4 Bxf4 15. Nxf4 Qd6 16. Qf5 Nf8 17. Nd3 Bc8 18. Qf4 Qxf4
19. Nxf4 Ne6 20. Nd3 Nd7 21. Rc1 Bb7 22. Rfd1 f6 23. h4 g6 24. Bf3 f5 25. a4 a5
26. g3 Kg7 27. Rb1 Ba6 28. Kg2 Bxd3 29. Rxd3 Nf6 30. b4 Ne4 31. b5 cxb5 32.
Rxb5 Nc7 33. Rxb6 Reb8 34. Rc6 Ra7 35. Bxe4 fxe4 36. Rd2 Rbb7 37. Rc2 Kf7 38.
Rc1 Ke8 39. h5 gxh5 40. Rh1 Kd7 41. Rc5 1-0

[Event "Sampa Chess Open 2024"]
[Site "Sao Paulo"]
[Date "2024.02.02"]
[Round "6.6"]
[White "Di Berardino, Diego Rafael"]
[Black "Dos Santos Junior, Haroldo Cunha"]
[Result "1-0"]
[WhiteElo "2480"]
[BlackElo "2033"]
[PlyCount "35"]
[EventDate "2024.01.29"]
[EventRounds "9"]
[EventCountry "BRA"]

1. d4 d5 2. c4 c6 3. Nf3 Nf6 4. Nc3 Bf5 5. cxd5 cxd5 6. Qb3 Bc8 7. Bf4 e6 8. e3
({RR} 8. Nb5 Na6 9. e3 Nh5 10. Be5 f6 11. Bg3 Nxg3 12. hxg3 Bd7 13. Nc3 Qb6 14.
Qc2 Nb4 15. Qb3 h6 16. a3 Nc6 {1-0 (16) Tsydypov,Z (2545)-Moiseenko,V (2505)
Taganrog RUS 2019}) 8... a6 ({RR} 8... Bd6 9. Bb5+ Nc6 10. Ne5 Qc7 11. Rc1 Bd7
12. O-O a6 13. Bxc6 Bxc6 14. Nxc6 bxc6 15. Bg3 O-O 16. Na4 Ne4 17. Qd3 Rfb8 18.
Rc2 Rb5 19. Rfc1 Bxg3 20. hxg3 Qa5 21. Rxc6 g6 22. b3 Rbb8 23. Rc7 {Zaibi,A 
(2367)-Mphungu,G (2107) Casablanca MAR 2019 1-0 (68)}) 9. Be2 $146 ({RR} 9.
Bxb8 Rxb8 10. Bxa6 Bd6 11. Bb5+ Nd7 12. O-O O-O 13. e4 dxe4 14. Nxe4 Bf4 15.
Qd1 Nb6 16. Re1 Nd5 17. g3 Bh6 18. Ne5 f5 19. Nc5 Ra8 20. Ned7 Bxd7 21. Bxd7
Kh8 22. Bxe6 Nf6 23. Bxf5 Qa5 {List,P-Thomas,G Frankfurt 1930 1-0}) ({RR} 9.
Bxb8 Rxb8 10. Bxa6 Bd6 11. Bb5+ Bd7 12. Bxd7+ Nxd7 13. O-O O-O 14. Nb5 Nf6 15.
Nxd6 Qxd6 16. h3 Ne4 17. Qd3 Qb4 18. Rab1 Rfc8 19. a3 Qa5 20. Rfc1 g6 21. b4
Qa4 22. Ne1 b6 23. f3 Nd6 {Mayerhoff,L (1725)-Wesche,R Germany 1996 1-0 (36)})
({RR} 9. Bd3 Bd6 10. Bg3 O-O 11. O-O Nc6 12. Rac1 Re8 13. Rfd1 Bxg3 14. hxg3
Na5 15. Qc2 Bd7 16. b4 Nc6 17. Qb2 Qe7 18. a3 e5 19. dxe5 Nxe5 20. Be2 Bc6 21.
Rd4 Rad8 22. a4 Rd6 23. Nxe5 Qxe5 {Boyarchenko,M-Parveen,T (2005) Turin 2006 1/
2-1/2 (47)}) 9... Nc6 10. O-O Be7 11. Ne5 O-O 12. Nxc6 bxc6 13. Rfc1 a5 14. Na4
Ba6 15. Bxa6 Rxa6 16. Qb7 Ra8 17. Nb6 Bd6 18. Bxd6 1-0

[Event "Sampa Chess Open 2024"]
[Site "Sao Paulo"]
[Date "2024.02.02"]
[Round "6.7"]
[White "Tsuboi, Edson Kenji"]
[Black "Santiago, Yago De Moura"]
[Result "0-1"]
[WhiteElo "2200"]
[BlackElo "2467"]
[PlyCount "82"]
[EventDate "2024.01.29"]
[EventRounds "9"]
[EventCountry "BRA"]

1. e4 {Lukacs,P} c6 2. c4 d5 3. cxd5 cxd5 4. exd5 Nf6 5. Nc3 Nxd5 6. Nf3 Nc6 ({
RR} 6... Nxc3 7. bxc3 g6) ({RR} 6... e6 7. Bc4 Be7 8. O-O O-O 9. d4) 7. Bb5
Nxc3 ({RR} 7... e6 8. O-O Be7 9. d4 O-O 10. Re1) 8. bxc3 Bd7 ({RR} 8... Qd5 9.
Qe2 ({RR} 9. c4 Qe4+ 10. Qe2 Qxe2+ 11. Kxe2 Bg4 ({RR} 11... Bd7 12. d4 e6 13.
d5 exd5 14. cxd5 Ne5 15. Bxd7+ Nxd7 16. Re1 f6 17. Be3 Nb6 18. Kf1 Nxd5 19.
Rab1 b6 20. Bxb6+ Kf7 21. Bd4 Bb4 22. Rec1 Ke6) 12. d4 O-O-O 13. Bxc6 bxc6 14.
Be3 g6 15. Rab1 Bg7) ({RR} 9. Qb3 Qe4+ 10. Be2 e6 11. d3 Qf5 12. O-O Bd6 13.
Ba3 Bxa3 14. Qxa3 Qa5 15. Qb2) 9... Bg4 ({RR} 9... a6 10. Bc4 Qh5 11. d4 Bg4
12. Rb1 Bxf3 13. gxf3 b5 14. Bd3 Qd5 15. a4) 10. d4 ({RR} 10. c4 Qf5 11. Bxc6+
bxc6 12. h3 Bxf3 13. Qxf3 Qxf3 14. gxf3 Rb8 15. d3 e5 16. Be3 c5 17. Kd2 Bd6
18. Rab1 Kd7 19. Rb3) ({RR} 10. Bc4 Bxf3 11. Bxd5 ({RR} 11. gxf3 Qf5 ({RR} 
11... Qg5 12. Rb1 Rb8 13. Bb5 Rc8) 12. d4 g6 13. O-O Bg7) 11... Bxe2 12. Kxe2 (
{RR} 12. Bxc6+) 12... Rc8 ({RR} 12... e6 13. Bf3 ({RR} 13. Be4 Rc8) 13... O-O-O
14. Rb1 Rd7 15. d4 Bd6 16. Be3 Ne7 17. Rb3 Nd5 18. Rhb1 Nxe3 19. fxe3 b6 20. a4
Kd8 21. a5 Bc7 22. axb6 axb6 23. h3) 13. Rb1 b6) 10... e6 11. Rb1 ({RR} 11. O-O
Bd6 12. c4 Qh5 13. h3 Bxf3 14. Qxf3 Qxf3 15. gxf3 O-O 16. Be3 e5 17. Bxc6 bxc6
18. dxe5 Bxe5 19. Rad1 Rfb8 20. Rd7 Rb2 21. Rfd1 h5 22. R1d2 Rxd2 23. Rxd2 a5)
11... Be7 ({RR} 11... Bxf3 12. Qxf3 ({RR} 12. gxf3 Rc8 13. Bd3 Bd6 14. Be4 Qa5
15. Bd2 b6 ({RR} 15... Qc7 16. d5) 16. d5 Ne5 17. dxe6 fxe6 18. f4 Nc4) 12...
Qxf3 13. gxf3 a6 14. Bxc6+ bxc6 15. Rb6 c5 16. Be3 cxd4 17. Bxd4 Kd7 18. Ke2)
12. Bd3 Qd7 ({RR} 12... Bxf3 13. Qxf3 ({RR} 13. gxf3) 13... Qxf3 14. gxf3) 13.
Be4 ({RR} 13. h3 Bh5 ({RR} 13... Bxf3 14. Qxf3) 14. O-O O-O 15. Bf4 Rac8) 13...
Rc8 14. h3 Bxf3 ({RR} 14... Bh5 15. Qb5 ({RR} 15. O-O Bg6) 15... f5 16. Bxc6
Qxc6 17. Qxc6+ Rxc6 18. Rxb7 Bxf3 19. gxf3 Rxc3 20. Kd2 Rxf3 ({RR} 20... Rc8
21. Kd3) 21. Ke2 Rc3 22. Rxa7) 15. Qxf3 O-O 16. O-O Bf6 ({RR} 16... Bd6 17. Rd1
) ({RR} 16... f5 17. Bd3 e5 18. Bc4+ Kh8 19. Qe2 Bf6 20. Re1 a6 21. Bb3 Rfe8)
17. h4 ({RR} 17. Re1 b6 18. Qh5 g6 19. Qf3 Bg7 20. Ba3 Rfd8 21. Rbd1) 17...
Rfd8 18. g3 ({RR} 18. h5 Be7 ({RR} 18... h6 19. Bxh6) 19. h6 g6 20. Bf4) 18...
b6 19. h5 ({RR} 19. Bg5 Bxg5 20. hxg5 Ne7 21. Qh5 g6 22. Qf3 Nd5) 19... Be7 20.
Re1 Bf8 21. Bg5 Ne7 22. Rbc1 ({RR} 22. h6 g6 23. Rb3 ({RR} 23. Rb2 Rc4) 23...
Qa4 24. Qe2 Rd7) 22... h6 23. Bf4 {Radjabov,T (2644)-Fressinet,L (2595)
Enghien les Bains 2003 CBM 096 [Lukacs,P] 1/2-1/2} ({RR} 23. Bh4 Re8)) 9. O-O
e6 10. d4 Be7 ({RR} 10... Qa5 11. Qe2 a6 12. Bd3 Be7 13. c4 O-O 14. Bd2 Qh5 15.
Rab1 Bd6 16. h3 Rab8 17. Rfd1 Rfe8 18. Bc3 Ne7 19. Qf1 Ng6 20. Ne5 Bxe5 21.
Bxg6 Qxg6 22. dxe5 Bc6 23. Rb2 {1/2-1/2 (23) Gonzalez Guedes,I (1927)
-Gutierrez Abarrategui,L (1872) Trevias ESP 2018}) 11. c4 $146 ({RR} 11. Re1
O-O 12. Bd3 Rc8 13. h4 Bxh4 14. Nxh4 Qxh4 15. Re3 f5 16. Rg3 Qe7 17. Bg5 Qd6
18. Bh6 Rf7 19. Qh5 e5 20. Bc4 Be6 21. d5 Bxd5 22. Rd1 Ne7 23. Qxf7+ Kxf7 24.
Rxg7+ Ke8 25. Bb5+ Kd8 {Santos Ruiz,M (2106)-Plazuelo Pascual,J (1703)
Salobrena 2012 1/2-1/2 (43)}) ({RR} 11. Qe2 O-O 12. Bd3 Bf6 13. Rb1 b6 14. Bf4
Ne7 15. Qe4 Ng6 16. Bg3 Rc8 17. Rbc1 Bc6 18. Qe2 Bb7 19. Rfd1 Qe7 20. Be4 Rfd8
21. h4 Bxe4 22. Qxe4 Rd5 23. Qg4 h5 24. Qe4 Ra5 25. Rc2 Qd8 {Eriksson,K (2153)
-Eidenert,C (1990) Vaxjo 2015 1-0 (66)}) ({RR} 11. Rb1 O-O 12. Bd3 b6 13. Re1
Bc8 14. Qc2 g6 15. Qd2 Bf6 16. Ba3 Re8 17. Qf4 Bb7 18. Bb5 Bg7 19. Ng5 Qf6 20.
Qg3 Bf8 21. Ne4 Qg7 22. Bd6 Red8 23. Bc7 f6 24. Bxd8 Nxd8 25. Nd6 Bxd6 {
Bauer,C (2599)-Marzolo,C (2462) Belfort 2004 1-0 (39)}) 11... O-O 12. d5 exd5
13. cxd5 Nb4 14. Bc4 Rc8 15. Qb3 a5 16. Bb2 b5 17. Be2 Rc2 18. Nd4 a4 19. Qxb4
Bxb4 20. Nxc2 Bc5 21. a3 Bf5 22. Ne3 Be4 23. Rad1 Bxe3 24. fxe3 Qg5 25. Rf2
Qxe3 26. Bxb5 Qb3 27. Rd4 Qxb5 28. Rxe4 Qxd5 29. Rd4 Qc5 30. h3 h5 31. h4 f6
32. Kh2 Rb8 33. Rdd2 Qc7+ 34. g3 Rb3 35. Rg2 Qb8 36. Rc2 Kf7 37. Rce2 g5 38.
hxg5 h4 39. gxf6 hxg3+ 40. Kh1 Qf4 41. Re7+ Kf8 0-1

[Event "Sampa Chess Open 2024"]
[Site "Sao Paulo"]
[Date "2024.02.02"]
[Round "6.8"]
[White "Passos, Marco Aurelio Novae"]
[Black "Santos, Marcus Vinicius Mor"]
[Result "1-0"]
[WhiteElo "1671"]
[BlackElo "2331"]
[PlyCount "55"]
[EventDate "2024.01.29"]
[EventRounds "9"]
[EventCountry "BRA"]

1. e4 c5 2. Nf3 g6 3. d4 cxd4 4. Qxd4 Nf6 5. e5 Nc6 6. Qa4 Nd5 7. Qe4 Nc7 8.
Bf4 Bg7 ({RR} 8... Ne6 9. Bc4 Nxf4 10. Qxf4 e6 11. Nc3 d5 12. exd6 Bxd6 13. Qh6
Bf8 14. Qf4 Bd6 15. Qh6 Bf8 16. Qf4 {1/2-1/2 (16) Boixader Arbo,X (2150)
-Martinez Ramirez,E Barcelona ESP 2019}) 9. Nc3 Rb8 ({RR} 9... O-O 10. Qe3 Ne6
11. Bh6 d5 12. Bxg7 Kxg7 13. O-O-O d4 14. Nxd4 Ncxd4 15. Nb5 Qa5 16. Nxd4 Qxa2
17. Qa3 Qxa3 18. bxa3 Nc5 19. Bc4 Rd8 20. Rhe1 Be6 21. Bxe6 Nxe6 22. Nxe6+ fxe6
23. Kb2 Kf7 24. c4 {Solodovnichenko,Y (2564)-Sandkamp,R (2346) playchess.com
INT 2007 1/2-1/2 (45)}) 10. O-O-O b5 11. Nd5 $146 ({RR} 11. h4 b4 12. Nd5 Ne6
13. Be3 Qa5 14. Kb1 Bb7 15. Bc4 h5 16. Rhe1 O-O 17. g4 Nc5 18. Bxc5 Qxc5 19.
gxh5 Na5 20. Bb3 Nxb3 21. axb3 e6 22. hxg6 Bxd5 23. Qg4 Bxf3 24. Qxf3 fxg6 25.
Qe4 Rf5 {Cucarella Montell,A (1946)-Ruiz Font,E (2039) Salobrena 2012 0-1 (61)}
) 11... Ne6 12. Bg3 Qa5 13. Kb1 O-O 14. h4 h5 15. Nd2 Bb7 16. Nb3 Qa4 17. Qe3
b4 18. Bc4 Ba6 19. Bxa6 Qxa6 20. f4 Qb5 21. f5 gxf5 22. Rhf1 a5 23. Rxf5 a4 24.
Nc1 Qc5 25. Qe4 Rfc8 26. Nf6+ exf6 27. exf6 Qf8 28. Rxh5 1-0

[Event "Sampa Chess Open 2024"]
[Site "Sao Paulo"]
[Date "2024.02.02"]
[Round "6.9"]
[White "Vargas, Gabriela"]
[Black "Gemy, Jose Daniel"]
[Result "1/2-1/2"]
[WhiteElo "2084"]
[BlackElo "2329"]
[PlyCount "46"]
[EventDate "2024.01.29"]
[EventRounds "9"]
[EventCountry "BRA"]

1. d4 Nf6 2. Nf3 e6 3. e3 b6 4. Bd3 Bb7 5. c4 g5 6. h3 Rg8 7. Nc3 Bb4 8. Bd2 h5
9. Ne4 $146 ({RR} 9. Qe2 g4 10. hxg4 hxg4 11. Nh4 Nc6 12. O-O-O Be7 13. a3 d5
14. f3 Na5 15. cxd5 Nxd5 16. Nxd5 Bxd5 17. e4 Nb3+ 18. Kb1 Nxd4 19. Qe3 Bb3 20.
Rc1 c5 21. Bc3 Ba4 22. Nf5 exf5 23. exf5 Qd6 {Koster,R (2279)-Bosboom,M (2425)
Amsterdam 2004 1/2-1/2 (46)}) 9... Nxe4 10. Bxb4 c5 11. Bxe4 Bxe4 12. Bc3 d6
13. dxc5 bxc5 14. Nd2 Bg6 15. Qf3 Nd7 16. Ne4 Bxe4 17. Qxe4 Ke7 18. O-O-O a5
19. Qc6 Qb8 20. Rd3 Rc8 21. Qf3 h4 22. Rhd1 Ra6 23. Qh5 Rg8 1/2-1/2

[Event "Sampa Chess Open 2024"]
[Site "Sao Paulo"]
[Date "2024.02.02"]
[Round "6.10"]
[White "Filgueiras, Nathan Felipe"]
[Black "Da Silva, Lucas Pereira Mende"]
[Result "1-0"]
[WhiteElo "2321"]
[BlackElo "1974"]
[PlyCount "71"]
[EventDate "2024.01.29"]
[EventRounds "9"]
[EventCountry "BRA"]

1. c4 Nf6 2. Nc3 g6 3. e4 d6 4. d4 Bg7 5. h3 O-O 6. Be3 e5 7. d5 a5 8. g4 Na6
9. Nge2 Qe8 ({RR} 9... Nd7 10. Qd2 Ndc5 11. Ng3 c6 12. Be2 cxd5 13. cxd5 a4 14.
h4 Bd7 15. h5 Rc8 16. Kf1 a3 17. b3 Qa5 18. Rc1 f6 19. Kg2 Nb4 20. hxg6 hxg6
21. Bh6 Rf7 22. Rh2 Bxh6 23. Qxh6 Rg7 24. Rch1 {Caruana,F (2832)-Nakamura,H 
(2746) London ENG 2018 0-1 (39)}) ({RR} 9... Nd7 10. Ng3 Ndc5 11. Qd2 Re8 12.
Be2 Bd7 13. h4 c6 14. h5 cxd5 15. cxd5 Rb8 16. hxg6 hxg6 17. f3 b5 18. Nd1 b4
19. Bf1 Qb6 20. Qh2 f6 21. Bh6 Re7 22. Ne3 Na4 23. Bxa6 Qxa6 24. Bxg7 {Bilych,
O (2311)-Popadic,D (2143) chess.com INT 2021 1-0 (52)}) 10. Ng3 Kh8 11. f3 Ng8
12. Qd2 $146 ({RR} 12. Bg2 h6 13. Bf2 Bd7 14. h4 Rb8 15. Bf1 Nc5 16. Nb5 Qd8
17. Qd2 Ra8 18. Bh3 b6 19. h5 g5 20. Nf5 Bxf5 21. gxf5 f6 22. Bf1 Qd7 23. Bd3
Rfc8 24. Nc3 Nxd3+ 25. Qxd3 Ne7 26. Kf1 Qe8 {Rakic,T (1824)-Dominguez,L (1966)
Maribor 2012 0-1 (58)}) 12... f5 13. exf5 gxf5 14. Nh5 Bf6 15. O-O-O Bh4 16.
Bd3 Nc5 17. Bc2 b6 18. Rdg1 f4 19. Bf2 Bd8 20. h4 a4 21. Bxc5 bxc5 22. Qd3 Bf5
23. gxf5 Qxh5 24. f6 Bxf6 25. Ne4 Ne7 26. Ng5 e4 27. Qxe4 Nf5 28. Qxf5 Bxb2+
29. Kxb2 Rxf5 30. Bxf5 Qe8 31. Be6 Qb8+ 32. Kc2 Kg7 33. Ne4+ Kh6 34. Rg8 Qa7
35. Rg5 Qa6 36. Kd3 1-0

[Event "Sampa Chess Open 2024"]
[Site "Sao Paulo"]
[Date "2024.02.02"]
[Round "6.11"]
[White "Ribeiro, Matheus Mendes Domi"]
[Black "Oliveira, Silvio Eduardo"]
[Result "0-1"]
[WhiteElo "2130"]
[BlackElo "2297"]
[PlyCount "43"]
[EventDate "2024.01.29"]
[EventRounds "9"]
[EventCountry "BRA"]

1. c4 Nf6 2. Nc3 e5 3. Nf3 Nc6 4. e3 Bb4 5. Qc2 Bxc3 6. Qxc3 Qe7 7. Be2 O-O 8.
O-O e4 9. Nd4 Nxd4 10. Qxd4 c5 11. Qc3 d5 12. d4 $146 ({RR} 12. b3 Rd8 13. d4
exd3 14. Bxd3 Be6 15. Bb2 dxc4 16. bxc4 Rd7 17. Bc2 Rad8 18. Rad1 Rxd1 19. Rxd1
Rxd1+ 20. Bxd1 Qd7 21. Be2 Ne8 22. e4 f6 23. e5 fxe5 24. Qxe5 b6 25. h4 h6 26.
Qb8 Kh7 {Vachier Lagrave,M (2789)-Karjakin,S (2782) Leuven BEL 2018 1-0 (51)})
12... cxd4 13. exd4 dxc4 14. Bxc4 Be6 15. b3 Rfc8 16. Bg5 b5 17. d5 Nxd5 18.
Bxe7 Nxc3 19. Bxe6 Ne2+ 20. Kh1 fxe6 21. Rfe1 Rc2 22. a3 0-1